000 00845nam a2200241 a 4500
001 53620
003 BD-RjUL
005 20211209080007.0
008 161018s1963 bg ||||| |||| 00| 0 ben d
020 _c: TK 3.00
035 _a(BD-RjUL)53742
040 _aBD-RjUL
_bben
_cBD-RjUL
041 _aben
082 _223
_a398.20954923
_bCHA 1963
245 0 0 _aচট্রগ্রামের লোক সাহিত্য /
250 _a১ম সং.
260 _aচট্রগ্রাম :
_bবইঘর,
_c১৯৬৩
300 _a[২০], ১৫২ পৃ. ;
_c২১ সেমি.
650 _aফোক সাহিত্য
_zচট্রগ্রাম
_9160242
650 _aFolk Literature
_zChittagong
_9144716
700 _aআলম, ওহীদুল, সম্পাদক
_9160243
942 _2ddc
_cBK
999 _c53620
_d53620